[Event "RB-2014-0-00262"]
[Site "LSS email"]
[Date "2014.10.13"]
[Round "?"]
[White "Perez, Alberto F"]
[Black "De Waele, Willy"]
[Result "1/2-1/2"]
[WhiteElo "1845"]
[BlackElo "1938"]
[PlyCount "103"]
[EventDate "2014.09.09"]
[EventType "tourn (corr)"]
[EventRounds "6"]
[EventCountry "GER"]
[SourceTitle "Corr 2015"]
[Source "ChessBase"]
[SourceDate "2015.07.17"]
[SourceVersion "1"]
[SourceVersionDate "2015.07.17"]
[SourceQuality "1"]

1. e4 c5 2. Nf3 d6 3. d4 cxd4 4. Nxd4 Nf6 5. Nc3 a6 6. Bg5 e6 7. f4 Qb6 8. Nb3 Be7 9. Qf3 Nbd7 10. Be2 Qc7 11. a4 h6 12. Bh4 b6 13. Bg3 0-0 14. 0-0 Re8 15. Rad1 Bb7 16. Qe3 Rad8 17. Kh1 Nc5 18. Bf3 Nxb3 19. cxb3 Qc5 20. Qe2 Qc8 21. Rfe1 Nd7 22. b4 d5 23. exd5 exd5 24. Qd3 Nf6 25. Qd4 a5 26. bxa5 bxa5 27. Qa7 Bb4 28. Bh4 Rxe1+ 29. Rxe1 Rd6 30. Re7 Bc6 31. Rc7 Qf5 32. Bf2 Ne4 33. Bg1 Nd2 34. Bh5 Qxh5 35. Rxc6 Rd8 36. Qc7 Re8 37. Qd7 Re1 38. Nxd5 Nf3 39. Rc8+ Kh7 40. Nf6+ Kg6 41. Qd3+ Qf5 42. Qxf5+ Kxf5 43. gxf3 Kxf6 44. Kg2 Kf5 45. Rc7 f6 46. Rxg7 Re2+ 47. Kh3 Rxb2 48. Rf7 Bc3 49. Re7 h5 50. Re4 Rb4 51. Kh4 Rb1 52. Bc5 1/2-1/2

[Event "RB-2014-0-00262"]
[Site "LSS email"]
[Date "2014.10.13"]
[Round "?"]
[White "Perez, Alberto F"]
[Black "Rodriguez Lopez, Roberto Carlos"]
[Result "1/2-1/2"]
[WhiteElo "1845"]
[BlackElo "2130"]
[PlyCount "59"]
[EventDate "2014.09.09"]
[EventType "tourn (corr)"]
[EventRounds "6"]
[EventCountry "GER"]
[SourceTitle "Corr 2015"]
[Source "ChessBase"]
[SourceDate "2015.07.17"]
[SourceVersion "1"]
[SourceVersionDate "2015.07.17"]
[SourceQuality "1"]

1. e4 c5 2. Nf3 d6 3. d4 cxd4 4. Nxd4 Nf6 5. Nc3 g6 6. Be3 Bg7 7. f3 Nc6 8. Qd2 0-0 9. 0-0-0 d5 10. exd5 Nxd5 11. Nxc6 bxc6 12. Nxd5 cxd5 13. Qxd5 Qc7 14. Qc5 Qb7 15. b3 Bf5 16. Bd3 Rac8 17. Qa5 Rc3 18. Bxf5 Rxe3 19. Be4 Qc8 20. g4 Qb8 21. Kb1 Qf4 22. Rd8 Bc3 23. Rxf8+ Kxf8 24. Qxa7 Qxh2 25. Qxe3 Qxh1+ 26. Qc1 Qh2 27. a4 Qf2 28. Ka2 Kg7 29. Bd5 h6 30. Ba8 1/2-1/2

[Event "RB-2014-0-00261"]
[Site "LSS email"]
[Date "2014.09.26"]
[Round "?"]
[White "Massie, James"]
[Black "Perez, Alberto F"]
[Result "1-0"]
[WhiteElo "1934"]
[BlackElo "1816"]
[PlyCount "87"]
[EventDate "2014.08.23"]
[EventType "tourn (corr)"]
[EventRounds "6"]
[EventCountry "GER"]
[SourceTitle "Corr 2015"]
[Source "ChessBase"]
[SourceDate "2015.07.17"]
[SourceVersion "1"]
[SourceVersionDate "2015.07.17"]
[SourceQuality "1"]

1. e4 c5 2. Nf3 d6 3. b4 cxb4 4. d4 Nf6 5. Bd3 Nc6 6. 0-0 e6 7. a3 Be7 8. Bd2 bxa3 9. Re1 b6 10. Nxa3 0-0 11. Qb1 Bb7 12. c3 h6 13. Nc4 Rc8 14. Ne3 a5 15. c4 Qc7 16. Bc3 Rfe8 17. d5 Ne5 18. Nd4 Nxd3 19. Nb5 Qb8 20. Qxd3 Nd7 21. Rad1 Nc5 22. Qc2 e5 23. Nf5 Bf8 24. Qe2 g6 25. Qg4 Ba6 26. Nbxd6 Bxd6 27. Nxh6+ Kg7 28. Qg5 Qc7 29. f4 Qd8 30. Nf5+ Kg8 31. Nxd6 Qxd6 32. Bxe5 Rxe5 33. fxe5 Qd8 34. Qg4 Kg7 35. e6 fxe6 36. e5 Qh8 37. Rf1 Qh5 38. Qf4 Qf5 39. Qh4 g5 40. Qg3 Qg6 41. Qg4 Rf8 42. Rxf8 Kxf8 43. Rf1+ Ke8 44. h4 1-0

[Event "RB-2014-0-00261"]
[Site "LSS email"]
[Date "2014.09.26"]
[Round "?"]
[White "Perez, Alberto F"]
[Black "Eichner, Dieter"]
[Result "1/2-1/2"]
[WhiteElo "1816"]
[BlackElo "1960"]
[PlyCount "79"]
[EventDate "2014.08.23"]
[EventType "tourn (corr)"]
[EventRounds "6"]
[EventCountry "GER"]
[SourceTitle "Corr 2015"]
[Source "ChessBase"]
[SourceDate "2015.07.17"]
[SourceVersion "1"]
[SourceVersionDate "2015.07.17"]
[SourceQuality "1"]

1. d4 d5 2. Nf3 Nf6 3. Bf4 Bf5 4. e3 e6 5. Bd3 Bxd3 6. cxd3 Nc6 7. Nc3 Bd6 8. Qb3 Rb8 9. Be5 0-0 10. 0-0 Be7 11. Bxf6 Bxf6 12. Rac1 Ne7 13. Qa3 a6 14. Na4 c6 15. Qb4 Ng6 16. Qb6 Qc8 17. Nc5 Qd8 18. Qxd8 Rfxd8 19. g3 Ne7 20. Rc3 b6 21. Nxa6 Ra8 22. Ra3 c5 23. dxc5 Bxb2 24. Rb3 Rxa6 25. Rxb2 bxc5 26. Rc1 Rc8 27. Rbc2 f6 28. Rxc5 Rxc5 29. Rxc5 Rxa2 30. Rc7 Kf8 31. Nd4 Ra6 32. Rb7 Ke8 33. Nb5 Kd8 34. Kg2 h5 35. h3 g5 36. Nd4 Ke8 37. Rb8+ Kf7 38. Nb5 Kg6 39. Re8 Kf7 40. Rb8 1/2-1/2

[Event "LSS No Engine Cup 117 Preliminary 6"]
[Site "LSS email"]
[Date "2014.09.04"]
[Round "?"]
[White "Perez, Alberto F"]
[Black "Neumann, Rudolf Phernandes O"]
[Result "1-0"]
[WhiteElo "1845"]
[BlackElo "740"]
[PlyCount "23"]
[EventDate "2014.09.05"]
[EventType "tourn (corr)"]
[EventRounds "6"]
[EventCountry "GER"]
[SourceTitle "Corr 2015"]
[Source "ChessBase"]
[SourceDate "2015.07.17"]
[SourceVersion "1"]
[SourceVersionDate "2015.07.17"]
[SourceQuality "1"]

1. e4 c6 2. c4 d5 3. cxd5 cxd5 4. exd5 Qxd5 5. Nc3 Qa5 6. Nf3 Nf6 7. d4 Bg4 8. h3 Bf5 9. Qb3 b6 10. Bb5+ Bd7 11. Bd2 Bxb5 12. Nxb5 1-0

[Event "RB-2014-0-00256"]
[Site "LSS email"]
[Date "2014.08.12"]
[Round "?"]
[White "Caillet, Serge"]
[Black "Perez, Alberto F"]
[Result "1/2-1/2"]
[WhiteElo "1996"]
[BlackElo "1816"]
[PlyCount "148"]
[EventDate "2014.07.02"]
[EventType "tourn (corr)"]
[EventRounds "6"]
[EventCountry "GER"]
[SourceTitle "Corr 2015"]
[Source "ChessBase"]
[SourceDate "2015.07.17"]
[SourceVersion "1"]
[SourceVersionDate "2015.07.17"]
[SourceQuality "1"]

1. g3 d5 2. Bg2 c5 3. c4 d4 4. Nf3 Nc6 5. d3 e5 6. 0-0 Nf6 7. e3 Bd6 8. exd4 cxd4 9. Re1 0-0 10. a3 a5 11. Bg5 Bc7 12. Nbd2 h6 13. Bxf6 Qxf6 14. b3 Qd6 15. Qc2 Be6 16. c5 Qe7 17. Rab1 Rfd8 18. b4 axb4 19. axb4 Ra2 20. Qd1 f6 21. Nc4 Rda8 22. Re2 Rxe2 23. Qxe2 Ra4 24. b5 Nd8 25. Qd1 Ra8 26. c6 bxc6 27. b6 Bd6 28. Nxd6 Qxd6 29. Qc1 Bf5 30. Ne1 Rb8 31. Qc4+ Kh7 32. Qa6 Bc8 33. Qa4 Be6 34. Qa7 Rb7 35. Qa5 Bd5 36. Nf3 Ne6 37. Nd2 Bxg2 38. Kxg2 Nc5 39. Kg1 h5 40. Qa3 Qd5 41. Qa8 Qd7 42. Qa3 Ne6 43. h4 Qd5 44. Ne4 f5 45. Qa8 Nd8 46. Ng5+ Kg6 47. Qa3 c5 48. Qa4 Qc6 49. Qxc6+ Nxc6 50. Ne6 Nb4 51. Nxc5 Rxb6 52. Nd7 Rb5 53. Nxe5+ Rxe5 54. Rxb4 Rd5 55. Kg2 Rd6 56. Kf3 Kh6 57. Kf4 Rd5 58. Rb7 g6 59. Re7 Ra5 60. Rd7 Ra2 61. f3 Ra4 62. Ke5 Ra1 63. Rxd4 Rg1 64. Kf4 Kg7 65. Ra4 Rd1 66. Ke3 Re1+ 67. Kf2 Re6 68. Ra2 Kf6 69. d4 Rc6 70. Rd2 Rc3 71. Ke2 Ke6 72. Rd3 Rc1 73. d5+ Kd6 74. Ke3 Rc4 1/2-1/2

[Event "RB-2014-0-00256"]
[Site "LSS email"]
[Date "2014.08.10"]
[Round "?"]
[White "Obukhov, Gennady Nikolaevich"]
[Black "Perez, Alberto F"]
[Result "1/2-1/2"]
[WhiteElo "1847"]
[BlackElo "1816"]
[PlyCount "65"]
[EventDate "2014.07.02"]
[EventType "tourn (corr)"]
[EventRounds "6"]
[EventCountry "GER"]
[SourceTitle "Corr 2015"]
[Source "ChessBase"]
[SourceDate "2015.07.17"]
[SourceVersion "1"]
[SourceVersionDate "2015.07.17"]
[SourceQuality "1"]

1. e4 c5 2. Nf3 d6 3. d4 cxd4 4. Nxd4 Nf6 5. Nc3 a6 6. a4 e5 7. Nf3 Be7 8. Bc4 0-0 9. 0-0 Be6 10. Ba2 h6 11. Re1 Qc7 12. h3 Bxa2 13. Rxa2 Nc6 14. Ra1 Rad8 15. Nd5 Nxd5 16. exd5 Nb8 17. Ra3 f5 18. Rc3 Qa5 19. Rb3 Rd7 20. Be3 Qxa4 21. Bb6 Rc8 22. Ree3 Bf8 23. Rec3 Rxc3 24. Rxc3 Rf7 25. Rc8 Nd7 26. b3 Qb4 27. Be3 f4 28. Bd2 Qe4 29. c4 Qd3 30. Ne1 Qf5 31. Qg4 Qxg4 32. hxg4 g5 33. f3 1/2-1/2

[Event "RC-2014-0-00155"]
[Site "LSS email"]
[Date "2014.08.06"]
[Round "?"]
[White "Celan, Melissa"]
[Black "Perez, Alberto F"]
[Result "1/2-1/2"]
[WhiteElo "1730"]
[BlackElo "1816"]
[PlyCount "109"]
[EventDate "2014.06.11"]
[EventType "tourn (corr)"]
[EventRounds "6"]
[EventCountry "GER"]
[SourceTitle "Corr 2015"]
[Source "ChessBase"]
[SourceDate "2015.07.17"]
[SourceVersion "1"]
[SourceVersionDate "2015.07.17"]
[SourceQuality "1"]

1. d4 Nf6 2. Bg5 e6 3. e4 h6 4. Bxf6 Qxf6 5. c3 d6 6. Nd2 Be7 7. Ngf3 0-0 8. Qc2 e5 9. dxe5 dxe5 10. Nc4 Nd7 11. Be2 b5 12. Ne3 a6 13. a4 Bb7 14. axb5 axb5 15. 0-0 Qb6 16. Qd3 Rfd8 17. Qxb5 Qxb5 18. Bxb5 Bxe4 19. Nd2 Bb7 20. Rxa8 Bxa8 21. Ndc4 c6 22. Ba4 g6 23. Ng4 e4 24. Nxh6+ Kg7 25. Ng4 Rb8 26. Ra1 Nb6 27. Bb3 Nxc4 28. Bxc4 Bb7 29. b4 Ra8 30. Rxa8 Bxa8 31. Ba6 Bd6 32. Ne3 f5 33. Nc4 Bc7 34. Nb2 c5 35. b5 Bd5 36. Na4 Bd6 37. b6 Kf8 38. c4 Bf7 39. g4 Ke7 40. h4 fxg4 41. b7 Kd7 42. Nxc5+ Kc6 43. Nxe4 Bb8 44. Ng5 Bg8 45. Bb5+ Kxb7 46. Be8 Bxc4 47. Bxg6 Kc6 48. Bf5 Be2 49. h5 Bf4 50. Nf7 g3 51. Be4+ Kd7 52. f3 Ke7 53. Nh8 Kf6 54. Ng6 Bd2 55. Kg2 1/2-1/2

[Event "SC-2014-0-00233"]
[Site "LSS email"]
[Date "2014.07.26"]
[Round "?"]
[White "Perez, Alberto F"]
[Black "Bascetta, Biagio J"]
[Result "1-0"]
[WhiteElo "1845"]
[BlackElo "1550"]
[PlyCount "79"]
[EventDate "2014.06.15"]
[EventType "tourn (corr)"]
[EventRounds "6"]
[EventCountry "GER"]
[SourceTitle "Corr 2015"]
[Source "ChessBase"]
[SourceDate "2015.07.17"]
[SourceVersion "1"]
[SourceVersionDate "2015.07.17"]
[SourceQuality "1"]

1. d4 c5 2. d5 e5 3. e4 d6 4. c4 Be7 5. Nc3 Bg5 6. Bxg5 Qxg5 7. Nf3 Qd8 8. Qd2 Ne7 9. Be2 0-0 10. a3 Nd7 11. 0-0 a6 12. b4 Ng6 13. g3 a5 14. Nb5 Nf6 15. Qe3 Ng4 16. Qb3 b6 17. Nd2 h5 18. h4 a4 19. Qd3 Qe7 20. Rab1 Bd7 21. Nc3 Rfb8 22. bxc5 bxc5 23. Rxb8+ Rxb8 24. Rb1 Rxb1+ 25. Qxb1 Qd8 26. Nb5 Qf6 27. Qe1 Nf8 28. Bd1 Nh7 29. f3 Nh6 30. Bxa4 Qd8 31. Bc2 Qb6 32. a4 f6 33. Nb3 Nf7 34. Qa5 Qb7 35. Nd2 Nf8 36. Bd1 g6 37. Qa7 Nd8 38. Qxb7 Nxb7 39. Nb3 Bxb5 40. cxb5 1-0

[Event "SC-2014-0-00233"]
[Site "LSS email"]
[Date "2014.07.26"]
[Round "?"]
[White "Perez, Alberto F"]
[Black "Laczay, Istvan"]
[Result "1-0"]
[WhiteElo "1845"]
[BlackElo "1637"]
[PlyCount "49"]
[EventDate "2014.06.15"]
[EventType "tourn (corr)"]
[EventRounds "6"]
[EventCountry "GER"]
[SourceTitle "Corr 2015"]
[Source "ChessBase"]
[SourceDate "2015.07.17"]
[SourceVersion "1"]
[SourceVersionDate "2015.07.17"]
[SourceQuality "1"]

1. e4 c5 2. Nf3 d6 3. d4 cxd4 4. Nxd4 Nf6 5. Nc3 a6 6. Bg5 e6 7. f4 Qc7 8. Bxf6 gxf6 9. Qf3 b5 10. a3 Bb7 11. 0-0-0 Nc6 12. Nxc6 Bxc6 13. Qh3 Qd7 14. f5 0-0-0 15. Be2 Kb8 16. Rhf1 Re8 17. fxe6 fxe6 18. Bh5 Re7 19. Rxf6 Bg7 20. e5 d5 21. Ne2 Qc7 22. Nd4 Bd7 23. Qe3 Rc8 24. c3 a5 25. Nf5 1-0

[Event "SC-2014-0-00231"]
[Site "LSS email"]
[Date "2014.07.06"]
[Round "?"]
[White "Perez, Alberto F"]
[Black "Laczay, Istvan"]
[Result "1/2-1/2"]
[WhiteElo "1816"]
[BlackElo "1644"]
[PlyCount "123"]
[EventDate "2014.06.06"]
[EventType "tourn (corr)"]
[EventRounds "6"]
[EventCountry "GER"]
[SourceTitle "Corr 2015"]
[Source "ChessBase"]
[SourceDate "2015.07.17"]
[SourceVersion "1"]
[SourceVersionDate "2015.07.17"]
[SourceQuality "1"]

1. d4 Nf6 2. Nf3 g6 3. g3 Bg7 4. Bg2 0-0 5. 0-0 d5 6. c4 dxc4 7. Na3 c3 8. bxc3 c5 9. Nc4 Nc6 10. Nce5 Nd5 11. Nxc6 bxc6 12. Qc2 Bg4 13. Ne5 Bxe5 14. dxe5 Qc7 15. e4 Nb6 16. f4 f6 17. exf6 exf6 18. Be3 Qe7 19. Qf2 Na4 20. e5 Rad8 21. Bxc6 Nxc3 22. Bxc5 Qc7 23. Bg2 Rf7 24. Qe3 Nd5 25. Qa3 fxe5 26. Rae1 Nb6 27. fxe5 Rxf1+ 28. Bxf1 Be6 29. Qe3 Re8 30. Rc1 Bf7 31. Bd4 Qd7 32. a3 Bd5 33. Qf2 Rf8 34. Qd2 Qf7 35. Bh3 Qf3 36. Bg2 Qxg2+ 37. Qxg2 Bxg2 38. Kxg2 Rd8 39. Bf2 Re8 40. Rc7 Rxe5 41. Rxa7 Nc4 42. a4 Rd5 43. h4 Rd2 44. Kf3 Ne5+ 45. Ke4 Re2+ 46. Kd5 Rxf2 47. Kxe5 Re2+ 48. Kf4 h6 49. g4 Re6 50. a5 Kf8 51. Ra8+ Kf7 52. a6 Kg7 53. Ra7+ Kf8 54. g5 h5 55. Ra8+ Kg7 56. a7 Ra6 57. Ke5 Ra4 58. Kd5 Ra6 59. Kc5 Ra2 60. Kb6 Rb2+ 61. Ka6 Ra2+ 62. Kb5 1/2-1/2

[Event "SC-2014-0-00231"]
[Site "LSS email"]
[Date "2014.07.06"]
[Round "?"]
[White "Schulz, Hans Juergen"]
[Black "Perez, Alberto F"]
[Result "1/2-1/2"]
[WhiteElo "1650"]
[BlackElo "1816"]
[PlyCount "98"]
[EventDate "2014.06.06"]
[EventType "tourn (corr)"]
[EventRounds "6"]
[EventCountry "GER"]
[SourceTitle "Corr 2015"]
[Source "ChessBase"]
[SourceDate "2015.07.17"]
[SourceVersion "1"]
[SourceVersionDate "2015.07.17"]
[SourceQuality "1"]

1. e4 e5 2. Nf3 Nc6 3. Bb5 Nf6 4. 0-0 Nxe4 5. d4 exd4 6. Re1 d5 7. Qxd4 Be6 8. c4 Qf6 9. cxd5 Qxd4 10. Nxd4 Bxd5 11. f3 Bc5 12. Be3 0-0-0 13. fxe4 Bxd4 14. exd5 Bxb2 15. dxc6 Bxa1 16. Bxa7 bxc6 17. Ba6+ Kd7 18. Bc5 Rhe8 19. Rd1+ Ke6 20. Bc4+ Kf6 21. Rf1+ Kg5 22. Bxf7 Re5 23. Bf2 Re7 24. h4+ Kh6 25. Bb3 Bd4 26. Nd2 Re2 27. Bxd4 Rxd4 28. Nf3 Rb4 29. Rc1 Rg4 30. Ne1 g6 31. Kf1 Rd2 32. Nf3 Rb2 33. Rc2 Rxc2 34. Bxc2 c5 35. a4 Rc4 36. Bd1 Rb4 37. Ke1 Rb2 38. g4 c4 39. Nd4 Kg7 40. a5 Ra2 41. Nc6 Kf6 42. Be2 c3 43. Bd3 h6 44. a6 Ra1+ 45. Ke2 c2 46. Bxc2 Rxa6 47. Be4 Ra2+ 48. Kf3 Ra3+ 49. Kg2 Ra4 1/2-1/2

[Event "RC-2014-0-00153"]
[Site "LSS email"]
[Date "2014.07.03"]
[Round "?"]
[White "Perez, Alberto F"]
[Black "Souply, Yves"]
[Result "1-0"]
[WhiteElo "1816"]
[BlackElo "1621"]
[PlyCount "23"]
[EventDate "2014.05.04"]
[EventType "tourn (corr)"]
[EventRounds "6"]
[EventCountry "GER"]
[SourceTitle "Corr 2015"]
[Source "ChessBase"]
[SourceDate "2015.07.17"]
[SourceVersion "1"]
[SourceVersionDate "2015.07.17"]
[SourceQuality "1"]

1. d4 d5 2. Nf3 Nf6 3. Bf4 c5 4. c3 Nc6 5. dxc5 e6 6. b4 a5 7. b5 Ne7 8. e3 Ng6 9. Bg3 Bxc5 10. Nbd2 Nh5 11. c4 Nxg3 12. hxg3 1-0

[Event "SC-2014-0-00229"]
[Site "LSS email"]
[Date "2014.06.16"]
[Round "?"]
[White "Perez, Alberto F"]
[Black "Reede, Arvo"]
[Result "1/2-1/2"]
[WhiteElo "1816"]
[BlackElo "1706"]
[PlyCount "112"]
[EventDate "2014.05.16"]
[EventType "tourn (corr)"]
[EventRounds "6"]
[EventCountry "GER"]
[SourceTitle "Corr 2015"]
[Source "ChessBase"]
[SourceDate "2015.07.17"]
[SourceVersion "1"]
[SourceVersionDate "2015.07.17"]
[SourceQuality "1"]

1. d4 Nf6 2. Nf3 d5 3. Bf4 e6 4. e3 c5 5. Be2 cxd4 6. exd4 Qb6 7. Nc3 Bd6 8. Bxd6 Qxd6 9. 0-0 0-0 10. Qd2 a6 11. Ne5 Bd7 12. Bd3 Nc6 13. Rfe1 Qb4 14. a3 Qb6 15. Nf3 Qc7 16. Rad1 h6 17. h3 Rab8 18. Rc1 Rfc8 19. Ra1 Nh5 20. g3 Qb6 21. Kg2 Be8 22. Rab1 Nf6 23. Qe2 Ra8 24. Qe3 Na5 25. Qf4 Nc6 26. h4 Nh5 27. Qd6 Rd8 28. Qc5 Qc7 29. Na2 a5 30. a4 Nf6 31. Rbd1 Rac8 32. Rd2 Ng4 33. Bb5 Qb8 34. Qa3 Na7 35. Bxe8 Rxe8 36. Kh3 Nf6 37. Nc3 Red8 38. Qb3 Ne8 39. Ne5 Nd6 40. Rde2 Nc6 41. Nf3 Qa7 42. Nb5 Nxb5 43. axb5 Nxd4 44. b6 Nxb3 45. bxa7 Nc5 46. Ra1 Ra8 47. Rxa5 b6 48. Rb5 Rxa7 49. Rxb6 Rc8 50. Nd4 g6 51. f3 Na4 52. Rb5 Kg7 53. g4 Nc5 54. g5 hxg5 55. hxg5 Rac7 56. Kg4 Nb7 1/2-1/2

[Event "LSS No Engine Cup 111 Preliminary 1"]
[Site "LSS email"]
[Date "2014.06.02"]
[Round "?"]
[White "Perez, Alberto F"]
[Black "Sofia, Gerardo"]
[Result "1-0"]
[WhiteElo "1816"]
[BlackElo "1547"]
[PlyCount "83"]
[EventDate "2014.06.03"]
[EventType "tourn (corr)"]
[EventRounds "6"]
[EventCountry "GER"]
[SourceTitle "Corr 2015"]
[Source "ChessBase"]
[SourceDate "2015.07.17"]
[SourceVersion "1"]
[SourceVersionDate "2015.07.17"]
[SourceQuality "1"]

1. e4 c6 2. c4 g6 3. d4 d5 4. e5 Bg7 5. Nc3 h5 6. Nf3 Bg4 7. Qb3 Qd7 8. cxd5 cxd5 9. Qxd5 Nc6 10. Qxd7+ Kxd7 11. Be3 Nh6 12. Ng5 f6 13. exf6 Bxf6 14. h3 Bf5 15. Rd1 Nb4 16. Bb5+ Kc7 17. 0-0 Rac8 18. Be2 Kb8 19. a3 Nc2 20. Bf4+ Ka8 21. Nf3 Nf7 22. Nd5 Be4 23. Nc7+ Kb8 24. Ne6+ Nd6 25. Nfg5 Bf5 26. Rd2 Ka8 27. Bxd6 exd6 28. g4 hxg4 29. hxg4 Bxe6 30. Nxe6 Rhe8 31. d5 Nd4 32. Rxd4 Rxe6 33. dxe6 Bxd4 34. Bb5 Bf6 35. Re1 Be7 36. Kg2 a6 37. Bd3 g5 38. Rh1 d5 39. Rh7 Rc7 40. f4 Kb8 41. f5 Bf6 42. Rh6 1-0

[Event "OP-2014-0-03410"]
[Site "LSS email"]
[Date "2014.05.31"]
[Round "?"]
[White "Hardyn, Jaroslav"]
[Black "Perez, Alberto F"]
[Result "0-1"]
[WhiteElo "1829"]
[BlackElo "1816"]
[PlyCount "60"]
[EventDate "2014.05.22"]
[EventType "tourn (corr)"]
[EventRounds "4"]
[EventCountry "GER"]
[SourceTitle "Corr 2015"]
[Source "ChessBase"]
[SourceDate "2015.07.17"]
[SourceVersion "1"]
[SourceVersionDate "2015.07.17"]
[SourceQuality "1"]

1. e4 c5 2. f4 e6 3. Nc3 Nc6 4. Nf3 Nf6 5. e5 Nd5 6. Nxd5 exd5 7. d4 cxd4 8. Nxd4 d6 9. Nxc6 bxc6 10. Qd4 Be7 11. Bd3 dxe5 12. fxe5 c5 13. Qf2 0-0 14. 0-0 c4 15. Be2 Qc7 16. Qg3 Rb8 17. Kh1 Rb6 18. Bf4 Qb7 19. Bf3 Bf5 20. Rad1 Rd8 21. Bc1 Ra6 22. b3 cxb3 23. cxb3 Rxa2 24. Bg5 Be6 25. Bf6 g6 26. Qh4 Re8 27. Rd3 Bf8 28. Qd4 Ra5 29. Qf4 Ra3 30. Bxd5 Bxd5 0-1

[Event "OP-2014-0-03410"]
[Site "LSS email"]
[Date "2014.05.31"]
[Round "?"]
[White "Nowak, Ireneusz"]
[Black "Perez, Alberto F"]
[Result "1/2-1/2"]
[WhiteElo "2056"]
[BlackElo "1816"]
[PlyCount "84"]
[EventDate "2014.05.22"]
[EventType "tourn (corr)"]
[EventRounds "4"]
[EventCountry "GER"]
[SourceTitle "Corr 2015"]
[Source "ChessBase"]
[SourceDate "2015.07.17"]
[SourceVersion "1"]
[SourceVersionDate "2015.07.17"]
[SourceQuality "1"]

1. e4 c5 2. Nf3 d6 3. d4 cxd4 4. Nxd4 Nf6 5. Nc3 a6 6. Bc4 e6 7. Bb3 Be7 8. 0-0 0-0 9. f4 b5 10. e5 dxe5 11. fxe5 Nfd7 12. Be3 Nxe5 13. Qh5 Nbc6 14. Nxc6 Nxc6 15. Rf3 g6 16. Qh6 f6 17. Rd1 Qc7 18. Kh1 Qb7 19. Nd5 Ne5 20. Bc5 Bxc5 21. Nxf6+ Kh8 22. Nxh7 Qg7 23. Qxg7+ Kxg7 24. Nxf8 Nxf3 25. Nd7 Bd4 26. gxf3 Bxb2 27. Bxe6 Bb7 28. Kg2 Rd8 29. c4 Ba3 30. cxb5 axb5 31. Rd3 Be7 32. Kg3 b4 33. Rd1 Ba6 34. h3 Rc8 35. Ne5 Rc5 36. Ng4 Rc7 37. Bb3 Bc8 38. Ne3 Rd7 39. Rxd7 Bxd7 40. f4 Bc5 41. Nd5 Bf5 42. Bc4 Be4 1/2-1/2

[Event "RD-2014-0-00103"]
[Site "LSS email"]
[Date "2014.05.17"]
[Round "?"]
[White "Vio, Mauro"]
[Black "Perez, Alberto F"]
[Result "0-1"]
[WhiteElo "1414"]
[BlackElo "1816"]
[PlyCount "68"]
[EventDate "2014.02.19"]
[EventType "tourn (corr)"]
[EventRounds "6"]
[EventCountry "GER"]
[SourceTitle "Corr 2015"]
[Source "ChessBase"]
[SourceDate "2015.07.17"]
[SourceVersion "1"]
[SourceVersionDate "2015.07.17"]
[SourceQuality "1"]

1. d4 Nf6 2. Nf3 e6 3. e3 d5 4. Bd3 c5 5. 0-0 Nc6 6. Ne5 Bd6 7. f4 cxd4 8. Nxc6 bxc6 9. exd4 Qb6 10. c3 c5 11. dxc5 Bxc5+ 12. Kh1 0-0 13. b4 Bd6 14. a4 Bd7 15. Qf3 Qc7 16. Ra2 Bc6 17. b5 Bb7 18. Ba3 Bxa3 19. Rxa3 d4 20. Qe2 Rad8 21. a5 Rd5 22. a6 Ba8 23. c4 Rh5 24. Kg1 e5 25. fxe5 Rxe5 26. Qf2 Ng4 27. Qh4 h5 28. Rb3 Ne3 29. Rf2 Rfe8 30. Na3 Qa5 31. Qxd4 Nxg2 32. Qxa7 Nf4 33. Bf1 Rg5+ 34. Rg3 Qe1 0-1

[Event "LSS No Engine Cup 110 Preliminary 2"]
[Site "LSS email"]
[Date "2014.05.16"]
[Round "?"]
[White "Perez, Alberto F"]
[Black "Kolanek, Roman"]
[Result "1-0"]
[WhiteElo "1816"]
[BlackElo "1916"]
[PlyCount "97"]
[EventDate "2014.05.17"]
[EventType "tourn (corr)"]
[EventRounds "6"]
[EventCountry "GER"]
[SourceTitle "Corr 2015"]
[Source "ChessBase"]
[SourceDate "2015.07.17"]
[SourceVersion "1"]
[SourceVersionDate "2015.07.17"]
[SourceQuality "1"]

1. e4 c5 2. Nf3 d6 3. d4 cxd4 4. Nxd4 Nf6 5. Nc3 a6 6. Be3 e6 7. Qd2 b5 8. f3 Bb7 9. g4 h6 10. 0-0-0 Nbd7 11. a3 d5 12. exd5 Nxd5 13. Nxd5 Bxd5 14. Bg2 Rc8 15. f4 Bxg2 16. Qxg2 Qc7 17. Kb1 Bc5 18. h4 0-0 19. Rhe1 Bxd4 20. Bxd4 Qxf4 21. Rf1 Qc7 22. g5 h5 23. g6 f6 24. Qe2 Rfe8 25. Bc3 Nf8 26. Qxh5 e5 27. Qf5 Rcd8 28. Bb4 Rxd1+ 29. Rxd1 Rd8 30. Rxd8 Qxd8 31. Qg4 Qd7 32. Qg2 Qd1+ 33. Ka2 Qd8 34. h5 Qc8 35. b3 Ne6 36. Kb2 Kh8 37. Bd2 Nd4 38. Bc3 Ne6 39. Qh1 Kg8 40. Qd5 Kh8 41. Qd6 Nf4 42. Bd2 Ne2 43. c3 Ng3 44. Qd5 Nf5 45. h6 Qg8 46. Qd7 Nxh6 47. c4 bxc4 48. bxc4 f5 49. Bxh6 1-0

[Event "ZI-2014-0-01817"]
[Site "LSS email"]
[Date "2014.05.06"]
[Round "?"]
[White "Perez, Alberto F"]
[Black "Sandocal, Uzmir"]
[Result "1-0"]
[WhiteElo "1816"]
[BlackElo "1652"]
[PlyCount "97"]
[EventDate "2014.04.29"]
[EventType "match (corr)"]
[EventRounds "2"]
[EventCountry "GER"]
[SourceTitle "Corr 2015"]
[Source "ChessBase"]
[SourceDate "2015.07.17"]
[SourceVersion "1"]
[SourceVersionDate "2015.07.17"]
[SourceQuality "1"]

1. e4 b6 2. d4 e6 3. c4 Bb4+ 4. Bd2 Bxd2+ 5. Qxd2 Ne7 6. Nc3 f5 7. e5 Bb7 8. 0-0-0 0-0 9. h4 d6 10. exd6 cxd6 11. h5 h6 12. Nh3 Na6 13. Nf4 Nc7 14. Rh3 Rf6 15. Kb1 Rc8 16. Re3 d5 17. c5 Qd7 18. cxb6 axb6 19. g3 Ra8 20. Rc1 Nc8 21. f3 Ba6 22. Bxa6 Rxa6 23. Nce2 Nb5 24. Ng6 Ncd6 25. b3 Ra8 26. Nef4 Na3+ 27. Ka1 Ndb5 28. Ree1 Kh7 29. Ne5 Qa7 30. Re2 Qb7 31. Neg6 Qd7 32. Ree1 Qd6 33. Ne5 Na7 34. Nfg6 Kg8 35. Red1 N3b5 36. a4 Nc8 37. Kb1 Nba7 38. Qd3 b5 39. axb5 Qb4 40. Kb2 f4 41. Rc5 fxg3 42. Ra1 g2 43. Qd1 Nb6 44. Ne7+ Kh7 45. Rc7 Nbc8 46. Qc2+ Kh8 47. N7c6 Qf8 48. Nd7 Qg8 49. Nce5 1-0

[Event "RD-2014-0-00102"]
[Site "LSS email"]
[Date "2014.05.04"]
[Round "?"]
[White "Perez, Alberto F"]
[Black "Van der Meer, Heine"]
[Result "1-0"]
[WhiteElo "1787"]
[BlackElo "1524"]
[PlyCount "71"]
[EventDate "2014.02.01"]
[EventType "tourn (corr)"]
[EventRounds "6"]
[EventCountry "GER"]
[SourceTitle "Telechess CBM 167"]
[Source "ChessBase"]
[SourceDate "2015.07.13"]
[SourceVersion "1"]
[SourceVersionDate "2015.07.13"]
[SourceQuality "1"]

1. e4 d6 2. d4 Nf6 3. Nc3 g6 4. Nf3 Bg7 5. Be2 0-0 6. 0-0 Bg4 7. Be3 Nc6 8. d5 Nb8 9. a4 c5 10. h3 Bxf3 11. Bxf3 Na6 12. a5 Nc7 13. Qd2 Nd7 14. Be2 Qb8 15. Bg5 f6 16. Bh4 b5 17. axb6 Qxb6 18. Kh2 a6 19. f4 Nb5 20. Na4 Qc7 21. c3 Nb6 22. Nxb6 Qxb6 23. f5 Rfb8 24. b3 Nc7 25. Bc4 Ra7 26. e5 g5 27. exf6 exf6 28. Bf2 a5 29. Qd3 Raa8 30. h4 h6 31. Rfb1 Qb7 32. Ra4 Re8 33. hxg5 hxg5 34. Bxc5 dxc5 35. d6+ Kf8 36. d7 1-0